[Event "XLIV Sevilla Open 2019"]
[Site "Sevilla"]
[Date "2019.01.14"]
[Round "4"]
[White "Ibarra Jerez, Jose Carlos"]
[Black "Diaz Castro, Sergio"]
[Result "1-0"]
[WhiteElo "2558"]
[BlackElo "2252"]
[Annotator "TA"]
[PlyCount "55"]
[EventDate "2019.01.11"]
[EventType "swiss"]
[EventCountry "ESP"]
[SourceTitle "playchess.com"]
[Source "ChessBase"]
[SourceQuality "1"]

{[%evp 9,55,-6,-4,-30,0,0,0,0,11,7,19,11,8,5,10,6,30,12,59,27,71,42,57,52,95,101,183,179,209,195,234,88,104,62,114,114,251,253,256,152,450,485,5090,2773,29991,29992,29996,29997]} 1. e4 c5 2. Nc3 g6 3. Bc4 Nc6 4. a3 Bg7 5. d3 d6 {LiveBook: 5 Games} 6. f4 {B23: Closed Sicilian: Lines without g3} (6. h4 Nf6 7. Nge2 h5 8. Bg5 Nd4 9. Nxd4 cxd4 10. Nd5 Nxd5 11. Bxd5 {1-0 (62) Carlsen,M (2832)-Guseinov,G (2645) chess.com INT 2017}) 6... Nf6 7. Nf3 O-O 8. h3 {The position is equal.} Nd4 9. O-O Rb8 10. Nxd4 $146 ({Predecessor:} 10. Be3 b5 11. Ba2 b4 12. axb4 Rxb4 13. Nd5 Nxd5 14. Bxd5 e6 15. Bc4 Nxf3+ 16. Rxf3 Bxb2 17. Rxa7 {1-0 (47) Peitl,T (2220)-Janko,Z (2283) Slovakia 2013}) 10... cxd4 11. Nd5 b5 12. Nxf6+ Bxf6 13. Bb3 e6 14. Bd2 Bd7 15. Bb4 Qb6 16. Qe1 Bd8 {[#]} 17. f5 $1 {[%mdl 512]} a5 (17... Bf6 $16) (17... exf5 18. exf5) 18. Bd2 $1 $18 {fxe6 is the strong threat.} exf5 19. exf5 a4 20. Ba2 (20. fxg6 $1 $18 {and White stays clearly on top.} axb3 21. gxf7+ Rxf7 22. Rxf7 (22. Qg3+ Rg7 $11) 22... Kxf7 23. Qf2+ Bf6 24. Bg5) 20... gxf5 $16 21. Bf4 {Strongly threatening Qg3+.} Kh8 {[#]} (21... Bf6 $14) 22. Qb4 $1 Bc7 {[#]} (22... Rg8 $16 {keeps fighting.}) 23. Rae1 $1 $18 {[%cal Re1e7] aiming for Re7.} Rbe8 24. Bh6 $40 {[%mdl 128] White attacks with force.} (24. Rxe8 $18 Rxe8 25. Bxf7) 24... Rg8 $2 (24... Bd8 $16 25. Bxf8 Rxf8) 25. Bxf7 {[%mdl 64] Double Attack} Bc6 (25... Rxe1 $142 26. Rxe1 Bd8 27. Bxg8 Kxg8) 26. Rxe8 Rxe8 27. Bxe8 Bxe8 28. Rxf5 {Accuracy: White = 54%, Black = 22%.} 1-0

[Event "XLIV Sevilla Open 2019"]
[Site "Sevilla"]
[Date "2019.01.14"]
[Round "4"]
[White "Saric, Ante"]
[Black "Krishna Teja, N."]
[Result "0-1"]
[WhiteElo "2536"]
[BlackElo "2371"]
[Annotator "TA"]
[PlyCount "132"]
[EventDate "2019.01.11"]
[EventType "swiss"]
[EventCountry "ESP"]
[SourceTitle "playchess.com"]
[Source "ChessBase"]
[SourceQuality "1"]

{[%evp 20,132,19,2,24,4,25,12,22,18,31,20,28,12,93,99,88,82,102,100,94,95,125,95,92,89,120,120,109,103,148,135,149,145,139,121,122,121,139,89,94,81,88,94,89,7,195,134,83,96,130,14,91,102,92,37,35,2,7,0,0,0,0,0,0,0,0,-31,-23,-46,-51,-45,-26,-25,-21,-37,-37,-51,-51,-51,-51,-51,-51,-60,-58,-66,-66,-66,-66,-66,-51,-51,-8,-51,-31,-31,-20,-20,-20,-51,-51,-51,-21,-28,-29,-3574,-1782,-4914,-4036,-29984,-29985,-29985,-29982,-29986,-29983]} 1. c4 c6 2. e4 d5 3. exd5 cxd5 4. cxd5 Nf6 5. Nc3 Nxd5 6. Nf3 e6 7. d4 Be7 8. Bd3 Nc6 9. O-O O-O 10. Re1 Re8 11. a3 {LiveBook: 13 Games. D42: Queen's Gambit Declined: Semi-Tarrasch: 5 cxd5 Nxd5 6 e3 Nc6 7 Bd3} Bd7 12. Bb1 $146 ({Predecessor:} 12. Bc2 Rc8 13. Qd3 g6 14. Bd2 Ndb4 15. axb4 Nxb4 16. Qe4 f5 17. Qxb7 Nxc2 18. Rxa7 Nxe1 19. Nxe1 {0-1 (41) Saravanan,V (2371)-Warakomski,T (2488) Ortisei 2013}) 12... g6 13. Ba2 {White has an edge.} Nxc3 14. bxc3 Bf6 15. Nd2 Na5 16. Ne4 Bc6 (16... Be7 $1 $11) 17. Nxf6+ $16 Qxf6 18. c4 b5 19. cxb5 Bd5 20. Bd2 $36 {[%cal Bc1d2,Bd2b4,Bb4c5][%mdl 2080] White is in control.} Bxa2 21. Rxa2 Nc4 22. Bb4 Rad8 23. Bc5 Rd7 24. a4 Nd6 25. h3 Red8 26. g4 h5 27. Ra3 hxg4 28. hxg4 Nc4 29. Rf3 Qg5 {[#] ...Qxc5! is the strong threat.} 30. Qc1 Nd2 31. Rg3 e5 32. dxe5 (32. Qc2 $16) 32... Rc8 $2 (32... Rd3 $11 {and Black is okay.} 33. Be3 Qxe5) 33. Qa3 ({White should play} 33. Qc3 $18) 33... Nc4 34. Be3 (34. Qb4 {is interesting.} Nxe5 35. Be3 Qf6 36. Qf4 Qh8 37. Qe4) 34... Qxe5 35. Qa1 ({Better is} 35. Qc1 $16) 35... Re8 (35... Qxa1 $11 36. Rxa1 Nxe3 37. Rxe3 Rc4) 36. Qxe5 Rxe5 37. Rc1 (37. Rb1 $16) 37... Re4 $1 $14 38. Bg5 {And now Bf6 would win.} Kg7 $1 39. f3 Red4 {White must now prevent ...f6.} 40. Rh3 f6 41. Bh4 Ne5 42. a5 Rd3 43. Rf1 {[#]} Nxg4 $1 {[%mdl 512]} 44. b6 (44. fxg4 Rxh3) 44... axb6 45. axb6 Ne5 46. Kg2 Rd2+ 47. Rf2 Nc4 48. Rxd2 Rxd2+ $15 {[%mdl 4096] Endgame KRB-KRN} ({Worse is} 48... Nxd2 49. Bf2 $16) 49. Bf2 Nxb6 50. Rh4 Nd5 51. Re4 g5 52. Kf1 Rd1+ 53. Kg2 Nf4+ 54. Kg3 Rh1 55. Be3 Rh3+ 56. Kf2 Rh2+ 57. Kg1 Re2 58. Kf1 Kf7 59. Bd4 Ra2 60. Be3 Nd3 61. f4 gxf4 {[%cal Bg5f4,Bf4f3,Bf3f2][%mdl 32]} 62. Bb6 $2 {[%mdl 8192]} (62. Rd4 $11) 62... f3 $19 63. Bd4 Rc2 {( -> ...Rc1+)} 64. Be3 Re2 {[%csl Gd3][%cal Re2e1] Black mates.} 65. Kg1 Re1+ 66. Kh2 f2 {Accuracy: White = 40%, Black = 59%.} 0-1

[Event "XLIV Sevilla Open 2019"]
[Site "Sevilla"]
[Date "2019.01.14"]
[Round "4"]
[White "Del Rio De Angelis, Salvador G."]
[Black "Rodriguez Del Cerro, Ricardo"]
[Result "1-0"]
[WhiteElo "2501"]
[BlackElo "2139"]
[Annotator "TA"]
[PlyCount "133"]
[EventDate "2019.01.11"]
[EventType "swiss"]
[EventCountry "ESP"]
[SourceTitle "playchess.com"]
[Source "ChessBase"]
[SourceQuality "1"]

{[%evp 21,133,1,7,0,18,15,30,32,43,39,37,34,30,37,29,34,29,40,57,57,54,43,82,78,81,35,39,17,33,37,52,21,75,68,72,71,104,111,110,121,135,132,128,102,105,103,108,107,102,99,98,67,110,105,156,125,177,179,185,168,270,260,276,266,258,275,326,318,303,283,328,326,323,323,295,295,425,295,415,414,360,357,355,352,325,306,341,333,333,319,326,322,310,310,299,299,341,344,354,137,187,131,187,187,497,510,480,502,570,574,1069,1211,29988,29989]} 1. d4 Nf6 2. c4 e6 3. Nc3 Bb4 4. e3 O-O 5. Bd3 c5 6. Nf3 d5 7. cxd5 exd5 {E53: Nimzo-Indian: Rubinstein: Main Line (4...0-0 5 Nf3 d5 6 Bd3 c5 7 0-0)} 8. dxc5 Nbd7 9. Bd2 Nxc5 10. Be2 Ne6 11. a3 Be7 {LiveBook: 4 Games} 12. Nb5 $146 ({Predecessor:} 12. O-O a6 13. Rc1 Re8 14. Re1 b5 15. Na2 {½-½ (42) Navara,D (2742)-Wojtaszek,R (2736) Baku 2016}) 12... Ne4 13. Bb4 N6c5 14. O-O a6 15. Nc3 Be6 16. Nd4 Nxc3 17. Bxc3 Ne4 18. Bb4 Bxb4 19. axb4 Qb6 20. Qa4 Nd6 21. Qa5 Nc4 22. Qxb6 Nxb6 23. Nb3 Nc4 24. Ra2 Rac8 25. Nc5 Rc6 26. Rd1 Rb6 {[#]} (26... Rb8 $11) 27. e4 $1 $16 {[%cal Re4d5]} ({Much worse is} 27. Nxe6 fxe6 28. Bxc4 dxc4 $11) 27... Nd6 28. exd5 Bf5 29. g4 Re8 30. Kf1 ({Inferior is} 30. gxf5 Rxe2 31. Kf1 Rc2 $17) 30... Bg6 {[#]} 31. Rd4 $1 Rd8 32. Na4 Nb5 33. Bxb5 Rxb5 34. Nc3 $36 {[%mdl 2048] White is in control.} Rb6 35. Ra5 Rbd6 36. Rc5 f6 37. b5 a5 ({Black should try} 37... axb5 38. Rxb5 (38. Nxb5 b6 $16) 38... b6) 38. Ke2 Bf7 (38... h5 $16) 39. Kd3 $18 Kf8 40. Kc4 Ke8 (40... R6d7 $142 41. h3 Ra8) 41. Rc7 b6 42. h4 Kf8 43. f4 {[%cal Bf2f4,Bf4f5][%mdl 32]} h6 44. f5 Bg8 45. Rc6 Bf7 46. b4 axb4 47. Kxb4 Ke7 48. Kc4 Bg8 (48... Kf8 $142 49. Rd3 R8d7) 49. Rd1 Bf7 (49... Kf8 {was necessary.} 50. Rd4 R8d7) 50. Re1+ Kf8 51. Rxd6 Rxd6 {[%mdl 4096] Endgame KRB-KRN} 52. Ra1 Ke7 53. h5 Rd7 54. Ra6 Rd6 55. Kd4 Bg8 56. Ra4 Bf7 57. Rc4 Bg8 58. Ke4 Kd7 59. Rd4 Bf7 60. Na4 $2 (60. Ne2 $18 {and the rest is easy.}) 60... Kc7 61. Nb2 (61. Rd1 $18) 61... Be8 (61... Rd8 $16) 62. Ra4 Bxb5 $2 (62... Kb8 {is a better chance.} 63. Rb4 Bf7) 63. Ra7+ Kd8 {intending ...Rd7.} 64. Rxg7 Be2 65. Na4 b5 66. Nc5 Bc4 67. Nb7+ {[%mdl 64] Double Attack. Accuracy: White = 74%, Black = 34%.} 1-0

[Event "XLIV Sevilla Open 2019"]
[Site "Sevilla"]
[Date "2019.01.14"]
[Round "4"]
[White "Li, Di"]
[Black "Montero Melendez, Rafael"]
[Result "1-0"]
[WhiteElo "2488"]
[BlackElo "2353"]
[Annotator "TA"]
[PlyCount "101"]
[EventDate "2019.01.11"]
[EventType "swiss"]
[EventCountry "ESP"]
[SourceTitle "playchess.com"]
[Source "ChessBase"]
[SourceQuality "1"]

{[%evp 19,101,0,0,-3,5,0,22,0,0,0,18,0,0,0,0,-18,-20,-20,-25,-25,0,-38,13,-40,0,0,-16,-16,0,8,17,18,40,21,31,32,36,17,44,45,89,64,712,696,573,204,216,201,210,218,262,247,385,365,315,298,290,236,294,159,184,159,180,162,323,260,1498,1391,1295,1159,1791,1752,29961,29962,29961,5608,29962,29964,29977,29978,29978,29979,29977,29978]} 1. d4 Nf6 2. c4 g6 3. Nc3 d5 4. Nf3 Bg7 5. h4 (5. Qb3 dxc4 6. Qxc4 O-O 7. e4 Nc6 8. Be2 e5 9. d5 Nd4 10. Nxd4 exd4 11. Qxd4 c6 12. Qc4 b5 13. Qxc6 Bd7 14. Qd6 Re8 15. Bg5 b4 16. Qxb4 Nxd5 17. Nxd5 Qxg5 {½-½ (33) Vidit,S (2711)-Vachier Lagrave,M (2780) chess.com INT 2018}) 5... c6 6. cxd5 {D90: Grünfeld: 4 Nf3 Bg7 sidelines} cxd5 7. Bf4 Nc6 8. e3 O-O 9. Qb3 Na5 10. Qb4 Nc6 {LiveBook: 5 Games} 11. Qa3 Bf5 12. Bb5 Na5 $146 ({Predecessor:} 12... Qa5 13. Qxa5 Nxa5 {½-½ (27) Harsha,B (2156)-Mohammad,N (2251) Kolkata 2013}) 13. Rc1 Qb6 14. O-O (14. Qxe7 Rac8 $17) 14... Rfc8 15. Ne5 Rxc3 {[%mdl 64] [#] Remove Defender} 16. Rxc3 Ne4 $1 {[%cal Re4c3]} (16... Qxb5 $2 17. Rc5 $18) 17. Be2 {Rcc1 is the strong threat.} Nxc3 18. bxc3 f6 19. Nd3 Qd8 20. Nb4 Rc8 (20... Bf8 $15) 21. Bf3 ({Better is} 21. Bc7 $1 $11 Rxc7 22. Qxa5 {[%mdl 64] Double Attack}) 21... Be6 22. e4 dxe4 23. Bxe4 Bc4 24. Re1 e6 25. Qc1 Qb6 26. Qb1 Nc6 27. Nxc6 bxc6 28. Qc2 Qa5 29. a4 c5 {Black wants to play ...cxd4.} 30. Rb1 Bd5 $2 {[%mdl 8192] [#]} (30... f5 $14 31. Bb7 Rd8) 31. Bxd5 $1 $18 exd5 32. Rb5 $2 (32. Qe2 {White wants to mate with Qe6+.} Kh8 33. Qe6) 32... Qa6 33. dxc5 Bf8 34. h5 g5 35. Be3 Qe6 (35... Re8 $142 36. Qd3 Qe6) 36. Rb7 {[%csl Gb7][%cal Rc2h7]} Qe4 37. Qxe4 dxe4 {[%mdl 4096] Endgame KRB-KRB} 38. Bd4 Rc6 39. g4 ({White should play} 39. Rxa7 $18 Bxc5 40. Bxc5 Rxc5 41. h6) 39... Bxc5 $16 40. h6 Bxd4 41. cxd4 {KR-KR} f5 $2 (41... a6 42. Rg7+ Kh8) 42. Rg7+ $18 (42. gxf5 a6 $16) ({But not} 42. Rxa7 f4 $18) 42... Kh8 $2 (42... Kf8 43. Rxh7 f4) 43. Rxa7 {White threatens Ra8+ and mate.} Rxh6 44. gxf5 {[%cal Bg4f5,Bf5f6][%mdl 32]} Rd6 45. a5 Rxd4 46. f6 Kg8 47. a6 (47. Rg7+ $142 Kf8 48. a6 (48. Rxg5 Ra4 $14) 48... h5 49. a7 Ra4 50. Rh7 Kg8 51. Rb7 h4 52. Rb8+ Kf7 53. a8=Q Rxa8 54. Rxa8) 47... Rd6 48. Rg7+ {[%mdl 64] Double Attack. White mates.} Kf8 49. a7 Rxf6 50. Rxh7 {[%cal Ra7a8]} Kg8 51. Rb7 {Accuracy: White = 49%, Black = 25%.} 1-0

[Event "XLIV Sevilla Open 2019"]
[Site "Sevilla"]
[Date "2019.01.14"]
[Round "4"]
[White "Krishna C R G"]
[Black "Dhulipalla Bala Chandra Prasa"]
[Result "1-0"]
[WhiteElo "2469"]
[BlackElo "2341"]
[Annotator "TA"]
[PlyCount "69"]
[EventDate "2019.01.11"]
[EventType "swiss"]
[EventCountry "ESP"]
[SourceTitle "playchess.com"]
[Source "ChessBase"]
[SourceQuality "1"]

{[%evp 25,69,20,0,0,21,2,49,37,43,49,45,42,42,31,104,98,106,99,114,27,148,158,127,117,226,81,73,53,111,37,39,14,273,190,277,246,780,781,1018,1002,1960,1909,29977,29975,5281,2543]} 1. Nf3 d5 2. e3 Nf6 3. c4 e6 4. Nc3 dxc4 5. Bxc4 a6 6. O-O c5 7. d4 cxd4 8. exd4 Be7 9. Qe2 O-O 10. Rd1 b5 11. Bb3 Bb7 12. Bg5 b4 {D26: Queen's Gambit Accepted: 4 e3 e6 5 Bxc5 c5 sidelines} (12... Nbd7 13. d5 exd5 14. Nxd5 Bxd5 15. Bxd5 Nxd5 16. Rxd5 Bxg5 17. Nxg5 h6 18. Nf3 Qc7 19. Qe7 Ra7 20. Qe3 Nf6 21. Rc5 Qb6 22. Re5 Qxe3 23. Rxe3 Rc8 {½-½ (23) Vidit,S (2715)-Vallejo Pons,F (2707) Riadh 2017}) 13. Na4 Nbd7 {LiveBook: 3 Games} 14. Rac1 Bd5 {The position is equal.} 15. Nc5 Re8 $146 ({Predecessor:} 15... Bxb3 16. axb3 Nxc5 17. dxc5 {½-½ (43) Lang,S (2118)-Becker,T (2111) Bayern 2016}) 16. Ba4 Bxc5 $1 17. dxc5 Qa5 18. b3 {Strongly threatening Qe3.} Rec8 19. c6 Nb6 {[#]} (19... Nc5 $14) 20. Bxf6 $1 $16 gxf6 21. Nd4 $36 {[%mdl 2048] aiming for Qg4+. White is in control.} Kh8 22. Qh5 (22. Qd2 $16 Nxa4 23. bxa4) 22... Rg8 {[#]} (22... Nxa4 $11 {keeps the balance.} 23. bxa4 Rg8) 23. g3 $1 (23. Qxf7 Raf8 $17) 23... Nxa4 24. bxa4 {Threatens to win with c7.} Rg6 (24... Qc7 $16) 25. Qe2 (25. Nc2 $18 {has better winning chances.}) 25... Rc8 26. Qc2 Qc7 {[#]} ({Black should play} 26... Rc7 $14) 27. Nf5 $1 {[%mdl 512]} Rg5 $1 $14 {[%cal Rg5f5]} ({Avoid the trap} 27... Qxc6 $2 28. Qxc6 Rxc6 29. Rxc6 $18) (27... Bxc6 $2 28. Nd6 $18) (27... exf5 28. Rxd5) 28. Ne3 {Black must now prevent Rd4.} (28. Rxd5 $5 exd5 29. h4 $11) 28... Rd8 $2 {[%mdl 8192]} (28... Bf3 $1 $11) 29. Rd4 {[%cal Bd1d4,Bd4b4,Bb4b7,Bb7b8][%mdl 32]} Kg7 (29... a5 $142 30. f4 (30. Nxd5 Rdxd5 31. Qe4 Rxd4 $16) 30... Rgg8) 30. Rxb4 Rd6 $2 (30... a5 31. Rb7 (31. Nxd5 Rgxd5 32. Rb5 R5d6 $18) 31... Qd6) 31. Nxd5 $18 Rgxd5 32. Rb7 Qd8 33. c7 Rd1+ 34. Kg2 Qc8 35. Rb8 {Accuracy: White = 50%, Black = 20%.} 1-0

[Event "XLIV Sevilla Open 2019"]
[Site "Sevilla"]
[Date "2019.01.14"]
[Round "4"]
[White "Lei, Tingjie"]
[Black "Aguilar, Andres"]
[Result "1-0"]
[WhiteElo "2447"]
[BlackElo "2307"]
[Annotator "TA"]
[PlyCount "51"]
[EventDate "2019.01.11"]
[EventType "swiss"]
[EventCountry "ESP"]
[SourceTitle "playchess.com"]
[Source "ChessBase"]
[SourceQuality "1"]

{[%evp 24,51,66,67,136,146,145,135,244,225,220,158,236,238,245,257,372,367,349,330,347,270,406,249,666,708,750,747,719,712]} 1. e4 c5 2. Nf3 d6 3. d4 cxd4 4. Nxd4 Nf6 5. Nc3 Nc6 6. Bg5 e6 7. Qd2 a6 8. O-O-O Bd7 9. f4 b5 10. Bxf6 gxf6 11. Kb1 Qb6 12. Nce2 Na5 {B67: Sicilian: Richter-Rauzer: 7...a6 8 0-0-0 Bd7, lines without 9 f4 Be7} (12... Rc8 13. g4 h5 14. gxh5 Rxh5 15. h4 Rh8 16. h5 Na5 17. Ng3 Bh6 18. Rh4 Rg8 19. Qe1 Nc4 20. c3 Kf8 {1-0 (40) Cheparinov,I (2718)-Firouzja,A (2561) Abu Dhabi 2018}) 13. Ng3 {[#] LiveBook: 9 Games} Rc8 $146 ({Black should play} 13... Be7 $14) ({Predecessor:} 13... h5 14. h4 Rc8 15. Be2 Nc4 16. Qd3 Qc5 17. Nxh5 Rxh5 18. Nb3 Qe3 19. Bxh5 Qxf4 20. Nd4 {1-0 (61) Bernadskiy,V (2584)-Gupta,A (2617) Budapest 2018}) 14. Nh5 Be7 {White is clearly better.} 15. e5 Nc4 (15... fxe5 $16 16. fxe5 Rg8) 16. Bxc4 $1 $18 bxc4 17. c3 (17. exf6 c3 $14) 17... fxe5 (17... Ba4 $16 {might work better.}) 18. fxe5 {[%cal Bf4e5,Be5d6][%mdl 32]} Rg8 {[#]} 19. Rhf1 $1 {Qf2 is the strong threat.} Rb8 (19... d5 {keeps fighting.} 20. Nf6+ (20. Qf2 Kd8 $16) 20... Bxf6 21. Rxf6 Kd8 22. Rxf7 Rb8 23. Rxh7 Be8) 20. exd6 Bg5 21. Qf2 f5 22. Rde1 Kf7 (22... Rg6 $142 23. Nxf5 Qxf2 24. Rxf2 Bc6) 23. Nf3 {[%cal Bd4f3,Bf3e5,Be5d7][%mdl 32]} Kg6 $2 (23... Qxf2 24. Ne5+ Ke8 25. Rxf2 Rb5) 24. Ne5+ {[%mdl 64] [#] Double Attack. White is clearly winning.} Kxh5 25. Qe2+ {[%mdl 64] Double Attack} ({Weaker is} 25. Nxd7 Qxf2 26. Rxf2 Rbd8 $18) 25... Kh6 26. Nxd7 {Accuracy: White = 79%, Black = 13%.} 1-0

[Event "XLIV Sevilla Open 2019"]
[Site "Sevilla"]
[Date "2019.01.14"]
[Round "4"]
[White "Das, Arghyadip"]
[Black "Sande Edreira, Jose Antonio"]
[Result "1-0"]
[WhiteElo "2431"]
[BlackElo "2271"]
[Annotator "TA"]
[PlyCount "67"]
[EventDate "2019.01.11"]
[EventType "swiss"]
[EventCountry "ESP"]
[SourceTitle "playchess.com"]
[Source "ChessBase"]
[SourceQuality "1"]

{[%evp 21,67,68,68,55,72,55,68,68,118,88,144,156,133,122,118,111,119,96,107,41,247,208,230,58,218,143,157,158,164,164,150,157,1015,582,29987,29988,29988,1183,29991,29992,29992,29993,29995,29992,29995,29996,29996,235]} 1. e4 c5 2. Nf3 g6 3. d4 cxd4 4. Nxd4 Bg7 5. c4 Nc6 6. Be3 Nf6 7. Nc3 O-O 8. Be2 d6 9. f3 Bd7 10. Qd2 Nxd4 11. Bxd4 a5 {LiveBook: 54 Games. B38: Sicilian: Maroczy Bind with 5...Bg7 and 7...0-0} 12. O-O-O (12. b3 Bc6 13. O-O Nd7 14. Be3 Nc5 15. Rab1 e6 16. a3 Be5 17. b4 axb4 18. axb4 Ra3 19. bxc5 Rxc3 20. f4 Bg7 21. e5 dxe5 22. Qxc3 exf4 23. Qd2 Qg5 {0-1 (43) Bu,X (2730)-Savchenko,B (2566) Riadh 2017}) 12... Be6 $146 ({Predecessor:} 12... a4 13. Kb1 Qa5 14. g4 Be6 15. Qe3 Rfc8 16. Nd5 Nxd5 17. exd5 Bxd4 18. Rxd4 Bd7 19. h4 e5 20. dxe6 Bxe6 21. h5 g5 22. Rxd6 Bxc4 23. Bxc4 Rxc4 24. h6 Qc5 25. Qd2 {1-0 (25) Jurcik,M (2453)-Endresz,P (2064) Slovakia 2018}) 13. Kb1 a4 {White is slightly better.} 14. Nb5 a3 15. b3 ({Much weaker is} 15. bxa3 $6 Nh5 $11) 15... Nd7 (15... Bd7 $142) 16. Bxg7 $16 Kxg7 17. g4 Qa5 18. Qd4+ Kg8 19. f4 {[%cal Bf3f4,Bf4f5][%mdl 32] f5 is the strong threat.} Nc5 20. e5 (20. Qe3 $16) 20... Rfc8 $2 {[#]} (20... Bd7 $1 $14) 21. exd6 $18 exd6 22. Rhe1 $2 (22. Qxd6 Bd7 $11) ({Better is} 22. f5 $18) 22... Ra6 $2 ({Black should play} 22... Bd7 $1 $14) 23. Ka1 $36 {[%mdl 2048] White is in control.} ({Worse is} 23. Nxd6 Rd8 $17) 23... Rb6 24. f5 $1 {[%cal Rf5e6]} Rxb5 25. cxb5 Bxb3 26. Rc1 Ba4 $2 (26... Re8 $16) 27. Bc4 Bxb5 {[#]} 28. Bxf7+ $1 Kxf7 29. Qd5+ (29. fxg6+ $142 hxg6 30. Qd5+ Kf8 31. Qxd6+ {[%mdl 64] Double Attack} Kg8 32. Qxg6+ Kh8 33. Qf6+ Kg8 34. Qg5+ Kh8 35. Re7) 29... Kf6 30. Qxd6+ {White mates.} Kg5 31. Qe7+ {[%mdl 64] Double Attack} Kxg4 32. Rg1+ Kf3 33. Rg3+ Kf4 34. Qe3+ {[%mdl 64] Double Attack. Accuracy: White = 67%, Black = 32%.} 1-0

[Event "XLIV Sevilla Open 2019"]
[Site "Sevilla"]
[Date "2019.01.14"]
[Round "4"]
[White "Ertan, Can"]
[Black "Xu, Xiangyu"]
[Result "0-1"]
[WhiteElo "2421"]
[BlackElo "2567"]
[Annotator "TA"]
[PlyCount "68"]
[EventDate "2019.01.11"]
[EventType "swiss"]
[EventCountry "ESP"]
[SourceTitle "playchess.com"]
[Source "ChessBase"]
[SourceQuality "1"]

{[%evp 26,68,44,42,97,35,67,19,20,0,0,-28,-35,-212,-215,-196,-206,-212,-215,-298,-297,-287,-281,-287,-284,-312,-319,-339,-328,-392,-340,-510,-487,-2023,-2022,-2014,-564,-1414,-1966,-29991,-29992,-29994,-29981,-29979,-1844]} 1. e4 c5 2. Nf3 Nc6 3. d4 cxd4 4. Nxd4 Nf6 5. Nc3 d6 6. Bg5 e6 7. Qd2 a6 8. O-O-O Bd7 9. f4 h6 10. Bh4 b5 11. Bxf6 {B67: Sicilian: Richter-Rauzer: 7...a6 8 0-0-0 Bd7, lines without 9 f4 Be7} gxf6 12. Kb1 (12. f5 Qb6 13. fxe6 fxe6 14. Nxc6 Qxc6 15. Bd3 h5 16. Kb1 b4 17. Ne2 Qc5 18. Rhf1 Bh6 {1-0 (42) Karjakin,S (2760)-Caruana,F (2794) Moscow 2016}) 12... Qb6 13. Nxc6 Bxc6 14. f5 {[#] LiveBook: 4 Games} Qc5 $146 (14... h5 $14) ({Predecessor:} 14... h5 15. fxe6 fxe6 16. Qe1 Kf7 17. Bd3 Be7 18. Ne2 Qe3 19. Qa5 Rhc8 20. Rhe1 Bd8 21. Qb4 Qc5 22. Qd2 Qg5 23. Qb4 Qc5 24. Qd2 Qg5 {½-½ (24) Blitsko,B (2473)-Churkin,M (2531) ICCF email 2015}) 15. Qe2 (15. Ne2 $16) 15... Qe5 16. Qh5 Rg8 17. Bd3 Rxg2 18. h4 b4 19. Nd5 $2 ({White must play} 19. Ne2 $15) 19... exd5 $19 20. exd5 Qxd5 {White must now prevent ...Ra7.} 21. Rhe1+ Kd8 22. Be2 {[#]} Rxe2 $1 23. Qxe2 (23. Rxe2 Qxd1#) 23... Qc5 ({Don't do} 23... Qxf5 24. Qc4 $17) 24. Qg4 {White hopes to continue with Qg8.} Kc7 25. Qh5 Bd5 26. Rd2 Kb6 27. Red1 Rc8 28. Ka1 (28. Qg4 $142) 28... Be4 29. c3 (29. Re2 $142 Bxf5 30. Qf3) 29... bxc3 30. bxc3 Qxc3+ 31. Rb2+ Ka5 {[#] Threatens to win with ...d5.} 32. Qxf7 Rb8 {[%csl Gb8][%cal Rc3b2] Black mates.} 33. Rd5+ Bxd5 34. Qxd5+ Rb5 {Accuracy: White = 19%, Black = 74%.} (34... Ka4 $142 35. Qd2 Qxb2+ 36. Qxb2 Rxb2 37. Kxb2 a5 38. h5 d5 39. Kc3 Bc5 40. Kb2 Ba7 41. Kb1 Ka3 42. Kc2 Kxa2 43. Kc3 a4 44. Kb4 a3 45. Kb5 Kb1 46. Kc6 d4 47. Kd6 d3 48. Ke6 a2 49. Kf7 a1=Q 50. Kg8 d2 51. Kh7 d1=Q 52. Kg7 Qxh5 53. Kg8 Qa2+ 54. Kh8 Qg5 55. Kh7 Qag8#) 0-1